Welcome to the Holygrace Academy Library

Please use search bar below to get started

KOZHI (Record no. 7055)

MARC details
000 -LEADER
fixed length control field 00341nam a22001457a 4500
020 ## - INTERNATIONAL STANDARD BOOK NUMBER
ISBN 978-93-90010-12-7
082 ## - DEWEY DECIMAL CLASSIFICATION NUMBER
Classification number 894.812.3
Item number KAK/K
100 ## - MAIN ENTRY--AUTHOR NAME
Personal name KAKKANANDAN
245 ## - TITLE STATEMENT
Title KOZHI
260 ## - PUBLICATION, DISTRIBUTION, ETC. (IMPRINT)
Place of publication KOTTAYAM
Name of publisher SAHITHYA PRAVARTHAKA CO-OPERATIVE
Year of publication 2020
300 ## - PHYSICAL DESCRIPTION
Number of Pages 59
520 ## - SUMMARY, ETC.
Summary, etc MALAYALAM STORY
650 ## - SUBJECT ADDED ENTRY--TOPICAL TERM
Topical Term MALAYALAM STORY
942 ## - ADDED ENTRY ELEMENTS (KOHA)
Koha item type Books
Holdings
Withdrawn status Lost status Collection code Home library Current library Shelving location Date acquired Source of acquisition Cost, normal purchase price Full call number Accession Number Koha item type
    Fiction Main Library Main Library NEW SHELF WITH NEW ENTRY 26/10/2023 Purchase 80.00 894.812.3 KAK/K 13117 Books